[Event "Steinfurt Bezirksliga 0304"]
[Site "Germany"]
[Date "2003.11.22"]
[Round "2.8"]
[White "Westers, Stefan"]
[Black "Gildehaus, Simon"]
[Result "0-1"]
[WhiteElo "1043"]
[BlackElo "1521"]
[PlyCount "117"]
[EventDate "2003.10.18"]
[EventType "team-tourn"]
[EventRounds "9"]
[EventCountry "GER"]
[SourceTitle "EXT 2005"]
[Source "ChessBase"]
[SourceDate "2004.11.15"]
[SourceVersion "1"]
[SourceVersionDate "2004.11.15"]
[SourceQuality "1"]
[WhiteTeam "Emsdetten Turm IV"]
[BlackTeam "Saerbeck Falke II"]
[WhiteTeamCountry "GER"]
[BlackTeamCountry "GER"]

1. e4 c5 2. Nc3 Nc6 3. Nf3 d6 4. d4 cxd4 5. Nxd4 e5 6. Nf3 Be7 7. Bc4 Nf6 8. Ng5 0-0 9. 0-0 Na5 10. Be2 Nd7 11. Qd2 Nb6 12. b3 Nc6 13. Bd1 Nd4 14. Nd5 Ne6 15. Nxe6 Bxe6 16. Be2 f5 17. f3 Rc8 18. c4 Nd7 19. Nxe7+ Qxe7 20. Ba3 Nc5 21. Bxc5 dxc5 22. Bd3 f4 23. Qc3 Rcd8 24. Rad1 Rd4 25. a3 Rc8 26. Be2 Qd6 27. Bd3 Rd8 28. Be2 Qc6 29. Rd3 R8d6 30. Rfd1 Qd7 31. Qc2 Qd8 32. Qc3 Bf7 33. Qc2 Be8 34. a4 a6 35. Rxd4 Rxd4 36. Rxd4 cxd4 37. Bd3 Qa5 38. Kf2 b6 39. h3 Qb4 40. Ke2 Kf8 41. Kd1 Ke7 42. Kc1 Kd6 43. Kb2 Bxa4 44. Qd1 Qc3+ 45. Ka2 Bd7 46. Qc2 Qxc2+ 47. Bxc2 b5 48. Bd3 bxc4 49. Bxc4 a5 50. Kb2 Kc5 51. Bd3 Bb5 52. Bxb5 Kxb5 53. Kc2 Kb4 54. h4 h5 55. Kb2 d3 56. Kc1 Kxb3 57. Kd2 a4 58. Kd1 a3 59. Kd2 0-1